| 000 | 00708nam a2200193 a 4500 | ||
|---|---|---|---|
| 005 | 20210223122049.0 | ||
| 008 | 991125s1969 mx 000 0 spa u | ||
| 035 | _aUPN01000028779 | ||
| 049 | _aCG | ||
| 050 | 4 |
_aPQ6623 M4 _bM6.4 |
|
| 100 | 1 |
_aMonterde, Francisco, _d1894-1985 _929349 |
|
| 245 | 1 | 0 |
_aHomenaje a Don Ramón Menéndez Pidal : _b24 de abril de 1969 / _cFrancisco Monterde, Salvador Cruz y Wigberto Jiménez Moreno. |
| 260 |
_aMéxico : _bSeminario de Cultura Mexicana, _c1969. |
||
| 300 | _a27 p. | ||
| 600 | 1 | 4 |
_aMENENDEZ PIDAL, RAMON, _d1869-1958 |
| 700 | 1 |
_aCruz, Salvador de la, _d1922-1979 _ecoaut. _931002 |
|
| 700 | 1 |
_aJiménez Moreno, Wigberto, _d1909-1985 _ecoaut. _928790 |
|
| 905 | _aLibro | ||
| 999 |
_c28779 _d28779 |
||